Las importaciones paralelas y la defensa en frontera /
محفوظ في:
| المؤلف الرئيسي: | |
|---|---|
| التنسيق: | نص |
| الوسوم: |
إضافة وسم
لا توجد وسوم, كن أول من يضع وسما على هذه التسجيلة!
|
MARC
| LEADER | 00000 a a2200000 04500 | ||
|---|---|---|---|
| 001 | 48458 | ||
| 003 | |||
| 040 | |||
| 100 | |a Mejía Salazar, Jesús | ||
| 245 | |a Las importaciones paralelas y la defensa en frontera / |c Jesus Mejía Salazar | ||
| 773 | |g volumen2, número1, (1998), páginas 8-10 | ||
| 999 | |c 22740 |d 22740 | ||
